Villes des Pyrénées-Atlantiques (64) - Mort subite - Statistiques

Statistiques générales
  • Ce quiz a été pris 135 fois
  • Le résultat moyen est 11 sur 20
Answers on the Grid
Answers color-coded by a green-red scale on the quiz's grid according to % correct below.
Bayonne
Pau
Oloron-Sainte-Marie
Biarritz
Hendaye
Cambo-les-Bains
Espelette
Saint-Jean-de-Luz
Orthez
Jurançon
Bidart
Urrugne
Saint-Jean-Pied-de-Port
Salies-de-Béarn
Nay
Laruns
Lescar
Soumoulou
Saint-Pée-sur-Nivelle
Navarrenx
Tarnos
Capbreton
Mimizan
Lourdes
Irun
Zarautz
Mirande
Hondarribia
Arreau
Dax
 
Statistiques - réponses
Réponse % Correct
Bayonne
81%
Hendaye
72%
Biarritz
71%
Pau
71%
Orthez
63%
Espelette
60%
Saint-Jean-de-Luz
60%
Oloron-Sainte-Marie
57%
Saint-Jean-Pied-de-Port
57%
Bidart
55%
Lescar
53%
Jurançon
52%
Urrugne
52%
Cambo-les-Bains
51%
Nay
49%
Laruns
48%
Navarrenx
45%
Salies-de-Béarn
44%
Saint-Pée-sur-Nivelle
43%
Soumoulou
36%
Aucun quiz correspondant
Distribution des résultats
% des personnes avec chaque résultat
Percentile par nombre de réponses
Votre historique - résultats
Vous n’avez pas pris ce quiz